Songs in HIT ME HARD AND SOFT in Order - Spotify Streams - Statistics

General Stats
  • This quiz has been taken 57 times
  • The average score is 7 of 10
Answer Stats
Streams Song % Correct
636m BIRDS OF A FEATHER
97%
399m LUNCH
91%
318m CHIHIRO
83%
199m WILDFLOWER
74%
169m BLUE
69%
123m SKINNY
63%
96m BITTERSUITE
60%
161m L'AMOUR DE MA VIE
60%
111m THE DINER
60%
128m THE GREATEST
60%
No matching quizzes found
Score Distribution
Percent of People with Each Score
Percentile by Number Answered
Your Score History
You have not taken this quiz